Principles of digital audio and video / (Record no. 183270)
[ view plain ]
| 000 -LEADER | |
|---|---|
| fixed length control field | 01120 a2200229 4500 |
| 003 - CONTROL NUMBER IDENTIFIER | |
| control field | Nust |
| 005 - DATE AND TIME OF LATEST TRANSACTION | |
| control field | 20221223121326.0 |
| 010 ## - LIBRARY OF CONGRESS CONTROL NUMBER | |
| LC control number | 97012550 |
| 020 ## - INTERNATIONAL STANDARD BOOK NUMBER | |
| International Standard Book Number | 0890068925 (alk. paper) |
| 040 ## - CATALOGING SOURCE | |
| Transcribing agency | Nust |
| 082 00 - DEWEY DECIMAL CLASSIFICATION NUMBER | |
| Classification number | 621.388,LUT |
| 100 1# - MAIN ENTRY--PERSONAL NAME | |
| Personal name | Luther, Arch C. |
| 9 (RLIN) | 75651 |
| 245 10 - TITLE STATEMENT | |
| Title | Principles of digital audio and video / |
| Statement of responsibility, etc. | Arch C. Luther. |
| 260 ## - PUBLICATION, DISTRIBUTION, ETC. | |
| Place of publication, distribution, etc. | Boston : |
| Name of publisher, distributor, etc. | Artech House, |
| Date of publication, distribution, etc. | c1997. |
| 300 ## - PHYSICAL DESCRIPTION | |
| Extent | xvi, 405 p. : |
| Other physical details | ill. ; |
| Dimensions | 24 cm. |
| 440 #4 - SERIES STATEMENT/ADDED ENTRY--TITLE | |
| Title | The Artech House audiovisual library |
| 9 (RLIN) | 105757 |
| 505 ## - FORMATTED CONTENTS NOTE | |
| Formatted contents note | Digital Concepts (Page-1), Video Fundamentals (Page-27), Audio Fundamentals (Page-59), Audio Video Systems (Page-77), Analog to Digital Converters (Page-99), Video Cameras (Page-123), Digital Transmission (Page-161), Digital Signal Processing (Page-201), Date Compression (Page-225), Video Displays (Page-249), Digital Recording (Page-271), Postproduction Systems (Page-315), Digital Multimedia (Page-333), A Digital World (Page-353). |
| 650 #0 - SUBJECT ADDED ENTRY--TOPICAL TERM | |
| Topical term or geographic name entry element | Digital television. |
| 9 (RLIN) | 58180 |
| 650 #0 - SUBJECT ADDED ENTRY--TOPICAL TERM | |
| Topical term or geographic name entry element | Digital video. |
| 9 (RLIN) | 55774 |
| 650 #0 - SUBJECT ADDED ENTRY--TOPICAL TERM | |
| Topical term or geographic name entry element | Sound |
| General subdivision | Recording and reproducing |
| -- | Digital techniques. |
| 9 (RLIN) | 95670 |
| 942 ## - ADDED ENTRY ELEMENTS (KOHA) | |
| Source of classification or shelving scheme | |
| Koha item type | Book |
| Withdrawn status | Lost status | Source of classification or shelving scheme | Damaged status | Not for loan | Permanent Location | Current Location | Shelving location | Date acquired | Full call number | Barcode | Date last seen | Price effective from | Koha item type | Public note |
|---|---|---|---|---|---|---|---|---|---|---|---|---|---|---|
| Military College of Signals (MCS) | Military College of Signals (MCS) | General Stacks | 12/12/2016 | 621.388,LUT | MCS27261 | 12/08/2016 | 12/12/2016 | Book | Almirah No.39, Shelf No.4 |
